Locked on / (Record no. 29890)

MARC details
000 -LEADER
fixed length control field 02457cam a2200445 i 4500
001 - CONTROL NUMBER
control field 768168573
003 - CONTROL NUMBER IDENTIFIER
control field OCoLC
005 - DATE AND TIME OF LATEST TRANSACTION
control field 20240626163357.0
008 - FIXED-LENGTH DATA ELEMENTS--GENERAL INFORMATION
fixed length control field 111207s2012 nyu 000 1 eng d
020 ## - INTERNATIONAL STANDARD BOOK NUMBER
International Standard Book Number 9780425248607
Qualifying information (paperback)
020 ## - INTERNATIONAL STANDARD BOOK NUMBER
International Standard Book Number 0425248607
Qualifying information (paperback)
035 ## - SYSTEM CONTROL NUMBER
System control number (OCoLC)768168573
040 ## - CATALOGING SOURCE
Original cataloging agency BTCTA
Language of cataloging eng
Description conventions rda
Transcribing agency BTCTA
Modifying agency YDXCP
-- BDX
-- SO$
-- JBO
-- IAD
-- CPA
-- JN5
-- OCLCA
-- OCLCQ
-- OCLCO
-- OCLCF
-- OCLCO
-- TnLvILS
043 ## - GEOGRAPHIC AREA CODE
Geographic area code n-us---
050 14 - LIBRARY OF CONGRESS CALL NUMBER
Classification number PS3553.L245
Item number L63 2012b
082 04 - DEWEY DECIMAL CLASSIFICATION NUMBER
Classification number 813/.54
Edition number 23
099 ## - LOCAL FREE-TEXT CALL NUMBER (OCLC)
Classification number Fiction
100 1# - MAIN ENTRY--PERSONAL NAME
Personal name Clancy, Tom,
Dates associated with a name 1947-2013.
Authority record control number https://id.loc.gov/authorities/names/n84030721.
245 10 - TITLE STATEMENT
Title Locked on /
Statement of responsibility, etc. Tom Clancy ; with Mark Greaney.
250 ## - EDITION STATEMENT
Edition statement Berkley mass-market edition.
260 ## - PUBLICATION, DISTRIBUTION, ETC. (IMPRINT)
Place of publication, distribution, etc. New York :
Name of publisher, distributor, etc. Berkley Books,
Date of publication, distribution, etc. 2012.
264 #1 - PRODUCTION, PUBLICATION, DISTRIBUTION, MANUFACTURE, AND COPYRIGHT NOTICE
Place of production, publication, distribution, manufacture New York :
Name of producer, publisher, distributor, manufacturer Berkley Books,
Date of production, publication, distribution, manufacture, or copyright notice 2012.
300 ## - PHYSICAL DESCRIPTION
Extent 584 pages ;
Dimensions 17 cm.
336 ## - CONTENT TYPE
Content type term text
Content type code txt
Source rdacontent.
337 ## - MEDIA TYPE
Media type term unmediated
Media type code n
Source rdamedia.
338 ## - CARRIER TYPE
Carrier type term volume
Carrier type code nc
Source rdacarrier.
520 ## - SUMMARY, ETC.
Summary, etc. Coming out of retirement to run for president, Jack Ryan finds himself in the middle of a high-stakes attack from his opponent as his close comrade, John Clark, is the subject of treacherous charges, at the same time Jack Ryan, Jr. and other members of Campus struggle to stop terrorists.
600 10 - SUBJECT ADDED ENTRY--PERSONAL NAME
Personal name Ryan, Jack,
Titles and other words associated with a name Sr. (Fictitious character)
Authority record control number https://id.loc.gov/authorities/names/nb2016010112
Form subdivision Fiction.
Authority record control number https://id.loc.gov/authorities/subjects/sh99001562.
650 #0 - SUBJECT ADDED ENTRY--TOPICAL TERM
Topical term or geographic name as entry element Terrorism
General subdivision Prevention
Form subdivision Fiction.
Authority record control number https://id.loc.gov/authorities/subjects/sh2008112796.
650 #0 - SUBJECT ADDED ENTRY--TOPICAL TERM
Topical term or geographic name as entry element Terrorists
Form subdivision Fiction.
Authority record control number https://id.loc.gov/authorities/subjects/sh2008112797.
650 #0 - SUBJECT ADDED ENTRY--TOPICAL TERM
Topical term or geographic name as entry element Presidential candidates
Geographic subdivision United States
Authority record control number https://id.loc.gov/authorities/subjects/sh2018003214
Form subdivision Fiction.
Authority record control number https://id.loc.gov/authorities/subjects/sh99001562.
650 #0 - SUBJECT ADDED ENTRY--TOPICAL TERM
Topical term or geographic name as entry element Intelligence officers
Form subdivision Fiction.
Authority record control number https://id.loc.gov/authorities/subjects/sh2008104241.
655 #7 - INDEX TERM--GENRE/FORM
Genre/form data or focus term Political fiction.
Source of term lcgft
Authority record control number https://id.loc.gov/authorities/genreForms/gf2014026482.
655 #7 - INDEX TERM--GENRE/FORM
Genre/form data or focus term Action and adventure fiction.
Source of term lcgft
Authority record control number https://id.loc.gov/authorities/genreForms/gf2014026217.
655 #7 - INDEX TERM--GENRE/FORM
Genre/form data or focus term Thrillers (Fiction)
Source of term lcgft
Authority record control number https://id.loc.gov/authorities/genreForms/gf2014026571.
655 #7 - INDEX TERM--GENRE/FORM
Genre/form data or focus term Fiction.
Source of term fast
Authority record control number (OCoLC)fst01423787.
655 #7 - INDEX TERM--GENRE/FORM
Genre/form data or focus term Political fiction.
Source of term fast
Authority record control number (OCoLC)fst01726702.
700 1# - ADDED ENTRY--PERSONAL NAME
Personal name Greaney, Mark.
Authority record control number https://id.loc.gov/authorities/names/no2009162593.
942 ## - ADDED ENTRY ELEMENTS (KOHA)
Koha item type Libro/Book
Source of classification or shelving scheme Dewey Decimal Classification
Holdings
Withdrawn status Lost status Damaged status Not for loan Home library Current library Shelving location Date acquired Total Checkouts Full call number Barcode Date last seen Date checked out Price effective from Koha item type Inventory number Checked out
        San Juan Del Sur -- Biblioteca San Juan Del Sur -- Biblioteca English 25/04/2014 9 F 30000120 28/02/2017 20/02/2017 25/04/2014 Libro/Book    
        San Juan Del Sur -- Biblioteca San Juan Del Sur -- Biblioteca English 26/06/2024 1 F 30030597 17/01/2026 17/01/2026 26/06/2024 Libro/Book Inventory date: 15-5-25 24/01/2026

Powered by Koha